Statistics for Most Populous Counties in Illinois

Click here to take the quiz!

General Stats

  • This quiz has been taken 15 times
  • The average score is 9 of 15

Answer Stats

PopulationCounty% Correct
5,106,780{Cook} County
100%
690,431{Lake} County
86%
209,231{Champaign} County
71%
914,269{DuPage} County
71%
176,297{Peoria} County
71%
131,536{Kendall} County
64%
689,931{Will} County
64%
280,456{Winnebago} County
64%
531,769{Kane} County
57%
306,820{McHenry} County
50%
192,738{Sangamon} County
50%
140,395{Rock Island} County
43%
256,338{St. Clair} County
43%
260,846{Madison} County
36%
169,731{McLean} County
36%

Score Distribution

Percentile by Number Answered

Percent of People with Each Score

Your Score History

You have not taken this quiz